[Event "Bayern-chI Bank Hofmann 15th"]
[Site "Bad Wiessee"]
[Date "2011.10.29"]
[Round "1"]
[White "Suligoy, Alois"]
[Black "Nisipeanu, Liviu Dieter"]
[Result "0-1"]
[WhiteElo "1945"]
[BlackElo "2638"]
[PlyCount "46"]
[EventDate "2011.10.29"]
[EventType "swiss"]
[EventRounds "9"]
[EventCountry "GER"]
[SourceTitle "EXT 2012"]
[Source "ChessBase"]
[SourceDate "2011.11.24"]
[SourceVersion "1"]
[SourceVersionDate "2011.11.24"]
[SourceQuality "1"]

1. Nf3 Nf6 2. c4 b6 3. g3 Bb7 4. Bg2 c5 5. 0-0 g6 6. Nc3 Bg7 7. Qc2 0-0 8. e4 Nc6 9. d3 Ne8 10. Re1 Nc7 11. Be3 Ne6 12. Rad1 f5 13. exf5 Rxf5 14. Nh4 Rf7 15. Qc1 Bf6 16. Bd5 Bxh4 17. Bxe6 dxe6 18. gxh4 Ne5 19. Ne4 Nf3+ 20. Kf1 Qc7 21. Ke2 Bxe4 22. dxe4 Nxe1 23. Rxe1 Qxh2 0-1

[Event "Munich-ch VM1"]
[Site "Munich"]
[Date "2006.02.10"]
[Round "7"]
[White "Suligoy, Alois"]
[Black "Schmidt, Walter1111"]
[Result "0-1"]
[WhiteElo "1818"]
[BlackElo "2056"]
[PlyCount "84"]
[EventDate "2006.01.20"]
[EventType "tourn"]
[EventRounds "9"]
[EventCountry "GER"]
[SourceTitle "EXT 2007"]
[Source "ChessBase"]
[SourceDate "2006.11.23"]
[SourceVersion "1"]
[SourceVersionDate "2006.11.23"]
[SourceQuality "1"]

1. e4 e5 2. Nf3 Nc6 3. c3 Nf6 4. d3 Be7 5. Be2 0-0 6. 0-0 Re8 7. Qc2 d5 8. Bg5 h6 9. Bxf6 Bxf6 10. Nbd2 Be6 11. b4 Ne7 12. Nb3 b6 13. Rfd1 c6 14. a4 Qc7 15. a5 Ng6 16. Nbd2 Bd7 17. c4 Qd6 18. Rdb1 Nf4 19. Bf1 Bd8 20. axb6 Qb8 21. bxa7 Rxa7 22. Rxa7 Qxa7 23. c5 Bf6 24. h3 Rb8 25. Kh2 Ne6 26. g3 Nc7 27. Qb2 Na6 28. Qa2 Qb7 29. exd5 cxd5 30. d4 Nxb4 31. Rxb4 Qxb4 32. dxe5 Be7 33. Qxd5 Be6 34. Qe4 Qxc5 35. Bd3 Qxf2+ 36. Kh1 g6 37. g4 Rd8 38. Qe1 Qxe1+ 39. Nxe1 Bb4 40. Ndf3 Bd5 41. Bxg6 Bxe1 42. Bxf7+ Kxf7 0-1

[Event "Munich-ch VM1"]
[Site "Munich"]
[Date "2006.02.03"]
[Round "4"]
[White "Solger, Bernhard"]
[Black "Suligoy, Alois"]
[Result "1-0"]
[WhiteElo "2031"]
[BlackElo "1818"]
[PlyCount "93"]
[EventDate "2006.01.20"]
[EventType "tourn"]
[EventRounds "9"]
[EventCountry "GER"]
[SourceTitle "EXT 2007"]
[Source "ChessBase"]
[SourceDate "2006.11.23"]
[SourceVersion "1"]
[SourceVersionDate "2006.11.23"]
[SourceQuality "1"]

1. c4 Nf6 2. Nc3 c5 3. Nf3 d6 4. g3 Nc6 5. Bg2 g6 6. 0-0 Bg7 7. d4 cxd4 8. Nxd4 Bd7 9. e4 0-0 10. Nc2 Qc8 11. Qe2 Bg4 12. f3 Bh3 13. Be3 Bxg2 14. Kxg2 Nd7 15. Qd2 Rd8 16. Rac1 a5 17. b3 b6 18. Nd5 Qb7 19. Nd4 Bxd4 20. Bxd4 Nxd4 21. Qxd4 e6 22. Ne3 Qc6 23. Ng4 Qc5 24. Nh6+ Kf8 25. Qh8+ Ke7 26. Qxh7 Rf8 27. Qg7 Qe3 28. Ng4 Qd2+ 29. Kg1 e5 30. Qh6 Qxa2 31. Qe3 Qa3 32. Ra1 Qc5 33. Rfd1 f5 34. exf5 gxf5 35. Qxc5 Nxc5 36. Ne3 Nxb3 37. Nd5+ Kf7 38. Rab1 Nd4 39. Rxb6 Nxf3+ 40. Kg2 Nd4 41. Rxd6 Rfd8 42. Rxd8 Rxd8 43. Rb1 Rd7 44. Rb6 Ra7 45. c5 Ne6 46. c6 Nc5 47. c7 1-0

[Event "Munich-ch VM1"]
[Site "Munich"]
[Date "2006.01.20"]
[Round "1"]
[White "Otte, Marco"]
[Black "Suligoy, Alois"]
[Result "1-0"]
[WhiteElo "2173"]
[BlackElo "1818"]
[PlyCount "65"]
[EventDate "2006.01.20"]
[EventType "tourn"]
[EventRounds "9"]
[EventCountry "GER"]
[SourceTitle "EXT 2007"]
[Source "ChessBase"]
[SourceDate "2006.11.23"]
[SourceVersion "1"]
[SourceVersionDate "2006.11.23"]
[SourceQuality "1"]

1. Nf3 c5 2. g3 b6 3. Bg2 Bb7 4. 0-0 Nf6 5. c3 e6 6. d4 cxd4 7. cxd4 d5 8. Ne5 Bd6 9. Nc3 Nbd7 10. Bf4 Qe7 11. Nb5 Bb8 12. Rc1 0-0 13. Nc7 Ne8 14. Nxa8 Nxe5 15. Nxb6 Nf3+ 16. Bxf3 Bxf4 17. gxf4 axb6 18. Qb3 Qd8 19. Rc3 Nd6 20. Rfc1 Ne4 21. Bxe4 dxe4 22. Rc7 Ba6 23. Qxb6 Bxe2 24. Qa5 Qh4 25. Qg5 Qh3 26. Qg3 Qh6 27. Rc8 g6 28. h4 Qg7 29. f5 Qxd4 30. fxe6 fxe6 31. Qf4 Qb4 32. a3 Qe7 33. R1c7 1-0